000
00332nam a2200133Ia 4500
008
100328s9999 xx 000 0 und d
082
_b
37275
100
_a
कुरळे श्याम
245
_a
फिरकी
260
_b
प्रचार
630
_a
फिरकी
730
_a
फिरकी
942
_c
BOOK
999
_c
526737
_d
526734